Online katalóg knižníc regiónu Turca

Nebezpečne očarená (Record no. 22343)

MARC details
000 -LEADER
fixed length control field 01276nam a2200433 a 4500
001 - CONTROL NUMBER
control field 22343
003 - CONTROL NUMBER IDENTIFIER
control field VRT
005 - DATE AND TIME OF LATEST TRANSACTION
control field 20260326144220.0
008 - FIXED-LENGTH DATA ELEMENTS--GENERAL INFORMATION
fixed length control field 160720s2015 xo d 000 f slo d
020 ## - INTERNATIONAL STANDARD BOOK NUMBER
International Standard Book Number 9788081640674 (viaz.)
035 ## - SYSTEM CONTROL NUMBER
System control number a000565445
039 #9 - LEVEL OF BIBLIOGRAPHIC CONTROL AND CODING DETAIL [OBSOLETE]
Level of rules in bibliographic description 201610190854
Level of effort used to assign nonsubject heading access points drlickoj
Level of effort used to assign subject headings 201610140918
Level of effort used to assign classification pechova
Level of effort used to assign subject headings 201607200941
Level of effort used to assign classification dragulova
Level of effort used to assign subject headings 201607200938
Level of effort used to assign classification dragulova
040 ## - CATALOGING SOURCE
Original cataloging agency PPPK
Language of cataloging slo
Transcribing agency UKB
Description conventions AACR2
041 0# - LANGUAGE CODE
Language code of text/sound track or separate title slo
044 ## - COUNTRY OF PUBLISHING/PRODUCING ENTITY CODE
MARC country code xo
ISO country code SK
072 #7 - SUBJECT CATEGORY CODE
Subject category code 821.162.4-3
Subject category code subdivision Slovenská próza
Source konspekt
080 ## - UNIVERSAL DECIMAL CLASSIFICATION NUMBER
Universal Decimal Classification number 821.162.4-31
Edition identifier 2004
080 ## - UNIVERSAL DECIMAL CLASSIFICATION NUMBER
Universal Decimal Classification number (0:82-31)
Edition identifier 2004
100 1# - MAIN ENTRY--PERSONAL NAME
Personal name Ondriová, Ivana,
Dates associated with a name 1981-
245 10 - TITLE STATEMENT
Title Nebezpečne očarená
Remainder of title jedného dňa sa nevinná hra červenovlásky Mel s citmi mužov zmení na skutočnú drámu
Statement of responsibility, etc. Ivana Ondriová
250 ## - EDITION STATEMENT
Edition statement 1. vyd.
260 ## - PUBLICATION, DISTRIBUTION, ETC.
Place of publication, distribution, etc. [Bratislava]
Name of publisher, distributor, etc. Motýľ
Date of publication, distribution, etc. 2015
300 ## - PHYSICAL DESCRIPTION
Extent 285, [1] s.
653 ## - INDEX TERM--UNCONTROLLED
Uncontrolled term 821.162.4-31
653 ## - INDEX TERM--UNCONTROLLED
Uncontrolled term (0:82-31)
655 #7 - INDEX TERM--GENRE/FORM
Genre/form data or focus term slovenské romány
Source of term UKBPH
910 ## - USER-OPTION DATA (OCLC)
User-option data pppk
910 ## - USER-OPTION DATA (OCLC)
User-option data pokpoh
910 ## - USER-OPTION DATA (OCLC)
User-option data sllk
910 ## - USER-OPTION DATA (OCLC)
User-option data hevk
910 ## - USER-OPTION DATA (OCLC)
User-option data vthk
910 ## - USER-OPTION DATA (OCLC)
User-option data skpk
910 ## - USER-OPTION DATA (OCLC)
User-option data snk
910 ## - USER-OPTION DATA (OCLC)
User-option data ttkjf
910 ## - USER-OPTION DATA (OCLC)
User-option data ukb
942 ## - ADDED ENTRY ELEMENTS (KOHA)
Source of classification or shelving scheme Dewey Decimal Classification
Koha item type Krásna literatúra pre dospelých
Suppress in OPAC No
949 ## - LOCAL PROCESSING INFORMATION (OCLC)
6 1800699115
a SJ.D.07260
b PV.2016-9531
949 ## - LOCAL PROCESSING INFORMATION (OCLC)
6 1800699116
a SK.D.74364
b PV.2016-9532
s 6707:20161024
Holdings
Stav vyradenia Strata Poškodenie Spôsob nadobudnutia Domovská knižnica Aktuálna knižnica Dátum nadobudnutia Total checkouts Čiarový kód exemplára Date last seen Typ exemplára
      Dar Obecná knižnica Turčianska Štiavnička Obecná knižnica Turčianska Štiavnička 26.03.2026   4738000759 26.03.2026 Krásna literatúra pre dospelých
Projekt je podporený Slovenskou asociáciou knižníc
Prevádzkuje Turčianska knižnica Martin 2026